000 01098 a2200241 4500
005 20260127094521.0
008 260127b |||||||| |||| 00| 0 eng d
020 _a8170162130 (hbk)
037 _cTB
040 _aCRL
_cCRL
041 _2hin
_ahin
084 _aO152,3N10x Q3
_qCRL
100 _aअश्क, उपेन्द्रनाथ
_9864079
245 _aदस प्रतिनिधि कहानियाँ
260 _aनयी दिल्ली, भारत:
_bकिताबघर प्रकाशन,
_c2013.
300 _a115पृ.
365 _b180.00
_cINR
490 _aदस प्रतिनिधि कहानियाँ सीरीज़
650 _aहिन्दी कहानी
_91107688
650 _aहिन्दी साहित्य
_91107689
942 _cTB
_2CC
_n0
_hO152,3N10x Q3
999 _c1467558
_d1467558